Sri Krishna lila : (Record no. 135658)

MARC details
000 -LEADER
fixed length control field 00740nam a22002297a 4500
005 - DATE AND TIME OF LATEST TRANSACTION
control field 20170124110248.0
010 ## - LIBRARY OF CONGRESS CONTROL NUMBER
LC control number A-752196
020 ## - INTERNATIONAL STANDARD BOOK NUMBER
Terms of availability 200.00
035 ## - SYSTEM CONTROL NUMBER
System control number A-752196
037 ## - SOURCE OF ACQUISITION
Source of stock number/acquisition Cen Lib/Ret
040 ## - CATALOGING SOURCE
Original cataloging agency DPL
Language of cataloging EN
082 ## - DEWEY DECIMAL CLASSIFICATION NUMBER
Classification number 230.1
Item number SRI
110 ## - MAIN ENTRY--CORPORATE NAME
Corporate name or jurisdiction name as entry element New Delhi.Vanamali Publications
9 (RLIN) 97952
245 ## - TITLE STATEMENT
Title Sri Krishna lila :
Remainder of title the complete life of Bhagwan Sri Krishna /
260 ## - PUBLICATION, DISTRIBUTION, ETC. (IMPRINT)
Place of publication, distribution, etc Himalayas
Name of publisher, distributor, etc Vanamali Publications
Date of publication, distribution, etc 1991
270 ## - ADDRESS
Address P. O.-Tapovan. 249192. Via-Shivananda Nagar,Rishikesh
City Himalayas
300 ## - PHYSICAL DESCRIPTION
Extent xvi,414p. :
Dimensions 25cm(Hb)
Other physical details ill.
500 ## - GENERAL NOTE
General note Includes index
650 ## - SUBJECT ADDED ENTRY--TOPICAL TERM
Topical term or geographic name as entry element Krishna (Hindu deity) -- Cult.
9 (RLIN) 97953
650 ## - SUBJECT ADDED ENTRY--TOPICAL TERM
Topical term or geographic name as entry element Krishna (Hindu deity)
9 (RLIN) 97954
942 ## - ADDED ENTRY ELEMENTS (KOHA)
Source of classification or shelving scheme Dewey Decimal Classification
Koha item type English Books
Classification part 230.1
Call number suffix SRI
Holdings
Withdrawn status Lost status Damaged status Not for loan Home library Current library Date acquired Source of acquisition Cost, normal purchase price Total Checkouts Full call number Barcode Date last seen Date checked out Copy number Cost, replacement price Price effective from Koha item type Public note
Written off       Central Library Central Library 07/10/2015 Cen Lib/Ret 200.00 1 230.1 SRI A-752196 30/10/2017 07/10/2017 1 200.00 07/10/2015 English Books W/d list no. 6830/6

© Delhi Public Library
Hit Counter
free hit counter